000
00258nam a22001217a 4500
008
181106b xxu||||| |||| 00| 0 eng d
041
_a
eng
080
_2
6th
_a
612.39
100
_a
10
101
_a
NUT
245
_a
Nutrition
_c
Chaney,M.S
942
_2
udc
_c
BK
999
_c
51944
_d
51944